| 000 | 00576nam a22001937a 4500 | ||
|---|---|---|---|
| 003 | OSt | ||
| 005 | 20260304060631.0 | ||
| 008 | 260304b |||||||| |||| 00| 0 eng d | ||
| 020 | _a9781-5011-70621 | ||
| 040 |
_aDWCL - Main Lib. _cOC |
||
| 082 | _aF H776w 2017 | ||
| 100 |
_aHoover, Colleen _eAuthor |
||
| 245 |
_aWithout merit : _ba novel / _cColleen Hoover |
||
| 260 |
_aNew York : _bSimon & Schuster, _cc2017. |
||
| 300 |
_a362 pages : _billustrations ; _c21cm. |
||
| 650 | _aDysfunctional families -- Fiction. | ||
| 650 | _a2. Romance fiction. | ||
| 942 |
_2ddc _cFIC. _n0 |
||
| 999 |
_c8614 _d8614 |
||